[Event "23rd EUR-ch"]
[Site "Vrnjacka Banja SRB"]
[Date "2023.03.04"]
[Round "2.25"]
[White "Rozen, Eytan"]
[Black "Sargsian, Shant"]
[Result "0-1"]
[WhiteElo "2458"]
[BlackElo "2630"]
[EventDate "2023.03.03"]
[PlyCount "134"]

1.Nf3 d5 2.g3 g6 3.Bg2 Bg7 4.d4 Nf6 5.O-O O-O 6.c3 a5 7.a4 c6 8.Bf4 Qb6 9.
Nbd2 Bf5 10.Ra3 Nbd7 11.Nh4 Be6 12.Nhf3 Bf5 13.h3 Ne4 14.Nh4 Be6 15.Nhf3 
f5 16.Ng5 Bf7 17.Rb3 Qa7 18.Ndf3 Rae8 19.h4 h6 20.Nxf7 Rxf7 21.Qc1 Kh7 22.
Qe3 e5 23.dxe5 Qxe3 24.Bxe3 Nxe5 25.Nxe5 Bxe5 26.Bxe4 fxe4 27.Bd4 g5 28.
hxg5 hxg5 29.Kg2 Kg6 30.Rb6 Bxd4 31.cxd4 g4 32.e3 Rh8 33.b4 Rfh7 34.Rg1 
axb4 35.Rxb4 Rh2+ 36.Kf1 Rf8 37.Rg2 Rh7 38.Ke2 Kf5 39.Rg1 Ke6 40.a5 Kd6 
41.Rb2 Rh2 42.Kf1 Kc7 43.Rc2 Ra8 44.Rc5 Kd6 45.Rg2 Rhh8 46.Rg1 Ra6 47.Kg2 
Rha8 48.Rb1 Kc7 49.Ra1 Kc8 50.Kf1 b5 51.Ke2 Kb7 52.Rac1 Rh8 53.Ra1 Rh6 54.
Ra2 Ra8 55.Kf1 Rf8 56.Rcc2 Ka6 57.Ke2 Rff6 58.Kf1 Rh1+ 59.Ke2 Rb1 60.Rc5 
b4 61.Rac2 b3 62.Rxc6+ Rxc6 63.Rxc6+ Kxa5 64.Rc5+ Kb4 65.Rxd5 Rb2+ 66.Ke1 
Ra2 67.Rd8 b2 0-1

[Event "23rd EUR-ch"]
[Site "Vrnjacka Banja SRB"]
[Date "2023.03.04"]
[Round "2.26"]
[White "Abasov, Nijat"]
[Black "Braun, Christian"]
[Result "1-0"]
[WhiteElo "2625"]
[BlackElo "2449"]
[EventDate "2023.03.03"]
[PlyCount "85"]

1.d4 Nf6 2.Nf3 g6 3.c4 Bg7 4.g3 O-O 5.Bg2 d6 6.Nc3 Nc6 7.d5 Na5 8.b3 c5 9.
Bb2 a6 10.O-O Rb8 11.Nd2 b5 12.Qc1 Bh6 13.f4 bxc4 14.bxc4 e5 15.dxe6 fxe6 
16.Rb1 Bb7 17.Nce4 Bg7 18.Nxf6+ Bxf6 19.Bxf6 Qxf6 20.Bxb7 Rxb7 21.Rxb7 
Nxb7 22.Nf3 e5 23.fxe5 dxe5 24.Qe3 Qf5 25.Nd2 Qd7 26.Rxf8+ Kxf8 27.Nf3 Qd6
28.Kf2 Kg7 29.Nxe5 Nd8 30.Qf4 Qe7 31.Nd3 Nb7 32.h4 h5 33.Kf3 Qd7 34.Qe5+ 
Kh7 35.Nxc5 Qf7+ 36.Kg2 Nxc5 37.Qxc5 Qb7+ 38.Kf2 Qf7+ 39.Ke3 Qe8+ 40.Kd2 
Qd7+ 41.Qd5 Qg7 42.c5 Qb2+ 43.Ke3 1-0

[Event "23rd EUR-ch"]
[Site "Vrnjacka Banja SRB"]
[Date "2023.03.04"]
[Round "2.27"]
[White "Soffer, Ram"]
[Black "Kovalev, Vladislav"]
[Result "0-1"]
[WhiteElo "2456"]
[BlackElo "2623"]
[EventDate "2023.03.03"]
[PlyCount "144"]

1.d4 Nf6 2.Bf4 d5 3.e3 e6 4.Nd2 c5 5.c3 Nc6 6.Ngf3 cxd4 7.exd4 Nh5 8.Be3 
Bd6 9.Ne5 g6 10.Nd3 O-O 11.g3 b6 12.Bg2 Ba6 13.Nb3 Bc4 14.O-O a5 15.a4 Rc8
16.Re1 Re8 17.Bf1 Ng7 18.f4 Nf5 19.Bf2 Bf8 20.Nd2 Ba6 21.Nf3 Nd6 22.Nfe5 
Nb8 23.Bg2 Bb7 24.Be3 f6 25.Ng4 Nd7 26.Ngf2 Qc7 27.Bc1 Rcd8 28.Re2 f5 29.
Ne5 Nf6 30.Re1 Nfe4 31.Nfd3 Ba6 32.Be3 Rb8 33.Bf1 Ra8 34.Bg2 Rec8 35.Bf1 
Ra7 36.Bg2 Be7 37.Bc1 Bd8 38.Be3 Qg7 39.Bc1 Ne8 40.Nf2 N8f6 41.Be3 h6 42.
Nxe4 dxe4 43.Qb3 Nd5 44.c4 Nxe3 45.Rxe3 Kh7 46.d5 Be7 47.Kh1 Bc5 48.Ree1 
Re8 49.Rad1 exd5 50.Rxd5 Rae7 51.Rxc5 bxc5 52.Qb6 Re6 53.Qxc5 Qb7 54.Rd1 
R8e7 55.h4 Qxb2 56.h5 Qb6 57.hxg6+ Kg7 58.Qxb6 Rxb6 59.Bh3 Bc8 60.Kg1 Rb2 
61.Rd5 Reb7 62.Rb5 R7xb5 63.cxb5 Rb4 64.Nc6 Rxa4 65.Kf2 Ra3 66.b6 Rf3+ 67.
Kg2 a4 68.Ne7 a3 69.Bxf5 a2 70.Bxc8 a1=Q 71.Nf5+ Kf6 72.g7 Qf1+ 0-1

[Event "23rd EUR-ch"]
[Site "Vrnjacka Banja SRB"]
[Date "2023.03.04"]
[Round "2.28"]
[White "Rodshtein, Maxim"]
[Black "Stankovic, Milos"]
[Result "1/2-1/2"]
[WhiteElo "2622"]
[BlackElo "2447"]
[EventDate "2023.03.03"]
[PlyCount "81"]

1.d4 Nf6 2.c4 e6 3.Nf3 c5 4.d5 d6 5.Nc3 exd5 6.cxd5 g6 7.Bf4 Bg7 8.e3 O-O 
9.h3 Ne8 10.Be2 Nd7 11.O-O Ne5 12.Nd2 f5 13.Bg3 Bd7 14.a4 Nc7 15.Re1 a6 
16.a5 Nb5 17.Qb3 Qe8 18.f4 Nf7 19.Nc4 Nxc3 20.bxc3 Rb8 21.Bd3 Bb5 22.Bh4 
Bxc4 23.Bxc4 Qe4 24.Bf1 c4 25.Bxc4 Ne5 26.Ra4 Nxc4 27.Qxc4 Qxc4 28.Rxc4 
Rfc8 29.Rxc8+ Rxc8 30.Rb1 Bxc3 31.Rxb7 Rc5 32.Rb6 Rxd5 33.Rxa6 Bxa5 34.
Ra8+ Kf7 35.Ra7+ Kg8 36.Bf6 Bb6 37.Re7 Rd2 38.Kf1 Bd8 39.Re8+ Kf7 40.Rxd8 
Kxf6 41.g4 1/2-1/2

[Event "23rd EUR-ch"]
[Site "Vrnjacka Banja SRB"]
[Date "2023.03.04"]
[Round "2.29"]
[White "Gurel, Ediz"]
[Black "Motylev, Alexander"]
[Result "1-0"]
[WhiteElo "2454"]
[BlackElo "2621"]
[EventDate "2023.03.03"]
[PlyCount "87"]

1.e4 e5 2.Nf3 Nc6 3.Bb5 a6 4.Bxc6 dxc6 5.O-O f6 6.d4 exd4 7.Qxd4 Qxd4 8.
Nxd4 Bd7 9.Nc3 O-O-O 10.Be3 Bb4 11.Nde2 Ne7 12.a3 Bd6 13.Na4 f5 14.Nac3 
Rde8 15.f3 Ng6 16.Nd4 f4 17.Bf2 Ne5 18.Rfe1 Rhf8 19.Nb3 b6 20.Nc1 g5 21.
Nd3 g4 22.Bd4 Nxd3 23.cxd3 Rg8 24.Kh1 Rg6 25.e5 Be7 26.Ne4 Rd8 27.fxg4 
Bxg4 28.Bc3 Rxd3 29.Nf2 Rd8 30.Nxg4 Rxg4 31.Re2 Bc5 32.Rf1 Rd3 33.h3 f3 
34.Rxf3 Rxf3 35.gxf3 Rg3 36.f4 Rf3 37.Re4 Kd7 38.e6+ Ke7 39.Kg2 Rf2+ 40.
Kg3 Rf1 41.Kg4 Rg1+ 42.Kh5 Rf1 43.Bg7 Rf3 44.h4 1-0

[Event "23rd EUR-ch"]
[Site "Vrnjacka Banja SRB"]
[Date "2023.03.04"]
[Round "2.30"]
[White "Svane, Rasmus"]
[Black "Stoyanov, Tsvetan"]
[Result "1-0"]
[WhiteElo "2620"]
[BlackElo "2446"]
[EventDate "2023.03.03"]
[PlyCount "73"]

1.e4 c5 2.Nf3 a6 3.c3 d5 4.exd5 Qxd5 5.d4 Nf6 6.Be3 cxd4 7.cxd4 e6 8.Nc3 
Bb4 9.Be2 O-O 10.O-O Qa5 11.Qb3 Nc6 12.Rfd1 Be7 13.a3 b5 14.Rac1 Bb7 15.d5
exd5 16.Nxd5 Nxd5 17.Rxd5 Rad8 18.Bd3 Rxd5 19.Qxd5 Qd8 20.Qb3 h6 21.Bb1 
Na5 22.Qc2 f5 23.Ba2+ Kh7 24.Nd4 Be4 25.Qd2 Rf6 26.f3 f4 27.fxe4 fxe3 28.
Qxe3 Nc4 29.Bxc4 bxc4 30.Rxc4 Qb8 31.e5 Rg6 32.b4 Bd8 33.Qe4 Bb6 34.h4 h5 
35.Kh2 Qe8 36.Nf3 Bd8 37.Rc8 1-0

[Event "23rd EUR-ch"]
[Site "Vrnjacka Banja SRB"]
[Date "2023.03.04"]
[Round "2.31"]
[White "Loiseau, Quentin"]
[Black "Vocaturo, Daniele"]
[Result "1/2-1/2"]
[WhiteElo "2449"]
[BlackElo "2619"]
[EventDate "2023.03.03"]
[PlyCount "35"]

1.e4 e5 2.Nf3 Nc6 3.Bb5 a6 4.Ba4 Nf6 5.O-O b5 6.Bb3 Bc5 7.a4 Rb8 8.c3 d6 
9.d4 Bb6 10.a5 Ba7 11.h3 Bb7 12.Be3 Nxe4 13.Re1 exd4 14.Bg5 Ne7 15.Nbd2 d5
16.Nxe4 dxe4 17.Nxd4 Bxd4 18.cxd4 1/2-1/2

[Event "23rd EUR-ch"]
[Site "Vrnjacka Banja SRB"]
[Date "2023.03.04"]
[Round "2.32"]
[White "Kuzubov, Yuriy"]
[Black "Wadsworth, Matthew"]
[Result "1-0"]
[WhiteElo "2616"]
[BlackElo "2439"]
[EventDate "2023.03.03"]
[PlyCount "57"]

1.d4 d5 2.c4 c6 3.Nf3 Nf6 4.Nc3 dxc4 5.a4 Bf5 6.Nh4 e6 7.Nxf5 exf5 8.e3 
Bb4 9.Bxc4 O-O 10.O-O Nbd7 11.Qc2 g6 12.f3 Rc8 13.Kh1 c5 14.dxc5 Ne5 15.
Be2 Rxc5 16.e4 fxe4 17.fxe4 Neg4 18.h3 Nh5 19.Bxg4 Ng3+ 20.Kg1 Nxf1 21.
Kxf1 f5 22.Bf3 fxe4 23.Qb3+ Rf7 24.Nxe4 Qd4 25.Be3 Qc4+ 26.Qxc4 Rxc4 27.
Nf2 Rd7 28.Ng4 Rd6 29.Bd5+ 1-0

[Event "23rd EUR-ch"]
[Site "Vrnjacka Banja SRB"]
[Date "2023.03.04"]
[Round "2.33"]
[White "Warmerdam, Max"]
[Black "Badelka, Olga"]
[Result "1-0"]
[WhiteElo "2614"]
[BlackElo "2428"]
[EventDate "2023.03.03"]
[PlyCount "125"]

1.c4 Nf6 2.Nc3 e6 3.d4 Bb4 4.Nf3 O-O 5.Bg5 h6 6.Bh4 c5 7.e3 cxd4 8.exd4 d5
9.Rc1 Nc6 10.a3 Be7 11.c5 Ne4 12.Bxe7 Qxe7 13.Be2 Rd8 14.b4 e5 15.Nxe5 
Nxe5 16.dxe5 a5 17.O-O axb4 18.axb4 Nxc3 19.Rxc3 Qxe5 20.Re3 Qf4 21.Qd2 
Be6 22.g3 Qf6 23.Rf3 Qe5 24.Re1 Ra1 25.Re3 Rxe1+ 26.Qxe1 Qb2 27.Bd3 Kf8 
28.Re2 Qd4 29.Qd2 Ra8 30.Bb5 Ra1+ 31.Kg2 Qg4 32.Re1 Rxe1 33.Qxe1 Ke7 34.
Kg1 Qd4 35.Bf1 Kd7 36.Qb1 h5 37.Qb3 h4 38.Qa4+ Kc7 39.Qa5+ Kc8 40.Qb6 h3 
41.b5 Qe5 42.c6 Qc7 43.Qc5 Kb8 44.b6 Qxc6 45.Qf8+ Bc8 46.Bxh3 d4 47.Bf5 
Qc1+ 48.Kg2 Qc6+ 49.f3 d3 50.Bxd3 Qxb6 51.Qxg7 Qe3 52.Qc3 b5 53.Qc2 b4 54.
h4 Be6 55.Qe2 Qd4 56.h5 b3 57.h6 b2 58.h7 Kc7 59.Bb1 Qg7 60.Qe3 Kd7 61.
Qa7+ Kd8 62.Qb8+ Bc8 63.Bf5 1-0

[Event "23rd EUR-ch"]
[Site "Vrnjacka Banja SRB"]
[Date "2023.03.04"]
[Round "2.34"]
[White "Nigalidze, Gaioz"]
[Black "Bernadskiy, Vitaliy"]
[Result "1/2-1/2"]
[WhiteElo "2448"]
[BlackElo "2611"]
[EventDate "2023.03.03"]
[PlyCount "79"]

1.d4 d5 2.Nf3 Nf6 3.c4 e6 4.cxd5 exd5 5.Nc3 h6 6.Bf4 Bd6 7.Bxd6 Qxd6 8.e3 
O-O 9.Bd3 Nbd7 10.Qc2 c5 11.dxc5 Nxc5 12.O-O Bg4 13.Nd4 a6 14.Rac1 Rac8 
15.Bf5 Ne6 16.Qd3 Rce8 17.h3 Nxd4 18.Bxg4 Nc6 19.Bf3 Ne5 20.Qd1 Rd8 21.Be2
Nc6 22.Bf3 d4 23.exd4 Nxd4 24.Bxb7 Qb6 25.Bf3 Qxb2 26.Qd3 Rfe8 27.Qxa6 
Nxf3+ 28.gxf3 Re5 29.f4 Rh5 30.Rcd1 Re8 31.Rd3 Qb8 32.Qc4 Rc8 33.Qd4 Rf5 
34.Rb1 Qc7 35.Rb4 Nh5 36.Nd5 Rxd5 37.Qxd5 Nxf4 38.Rxf4 Qxf4 39.Rf3 Qc7 40.
Kg2 1/2-1/2

[Event "23rd EUR-ch"]
[Site "Vrnjacka Banja SRB"]
[Date "2023.03.04"]
[Round "2.36"]
[White "Bjerre, Jonas Buhl"]
[Black "Seemann, Jakub"]
[Result "1/2-1/2"]
[WhiteElo "2608"]
[BlackElo "2424"]
[EventDate "2023.03.03"]
[PlyCount "138"]

1.Nf3 Nf6 2.c4 g6 3.Nc3 Bg7 4.e4 d6 5.d4 O-O 6.Be2 e5 7.O-O Nc6 8.d5 Ne7 
9.Bg5 Nh5 10.Re1 Nf4 11.Bxf4 exf4 12.Qd2 h6 13.Qxf4 g5 14.Qd2 Ng6 15.h3 
Nf4 16.Bd1 Re8 17.Ba4 Re7 18.c5 Ng6 19.cxd6 Qxd6 20.Nb5 Qf4 21.Rac1 Qxd2 
22.Nxd2 Be5 23.Nc4 Bf4 24.Rc2 Ne5 25.d6 cxd6 26.Ncxd6 Bxh3 27.Nd4 Nd3 28.
Rd1 Bxd6 29.gxh3 Nb4 30.Re2 Be5 31.Nf5 Re6 32.Rd7 Rb6 33.Bb3 Rf8 34.Red2 
Na6 35.Re7 Bf6 36.Nxh6+ Kg7 37.Nf5+ Kg6 38.Red7 Nc5 39.R7d5 Nxb3 40.axb3 
Rxb3 41.Ra5 Rd8 42.Rxd8 Bxd8 43.Rxa7 Bb6 44.Ra2 Kf6 45.Nd6 Bc5 46.Nc4 Rg3+
47.Kf1 Rf3 48.b4 Bxb4 49.Ne3 Ke5 50.Kg2 Rf4 51.f3 Bc5 52.Nf5 Rxf5 53.exf5 
Kxf5 54.Rd2 b6 55.Kg3 Ke5 56.Re2+ Kd4 57.Kg4 b5 58.Kxg5 b4 59.h4 Kd3 60.
Re8 b3 61.Rb8 Kc3 62.Rxb3+ Kxb3 63.Kf6 Kc4 64.Kxf7 Kd4 65.h5 Ke3 66.h6 
Kxf3 67.h7 Bd4 68.Kg8 Kg2 69.h8=Q Bxh8 1/2-1/2

[Event "23rd EUR-ch"]
[Site "Vrnjacka Banja SRB"]
[Date "2023.03.04"]
[Round "2.37"]
[White "Godena, Michele"]
[Black "Safarli, Eltaj"]
[Result "0-1"]
[WhiteElo "2446"]
[BlackElo "2608"]
[EventDate "2023.03.03"]
[PlyCount "72"]

1.e4 c5 2.c3 d5 3.exd5 Nf6 4.Bb5+ Nbd7 5.d4 a6 6.Be2 Nxd5 7.Nf3 e6 8.O-O 
b5 9.Ne5 Bd6 10.Nxd7 Bxd7 11.dxc5 Bxc5 12.Bf3 Bc6 13.Nd2 O-O 14.Nb3 Bb6 
15.Nd4 Bb7 16.a4 Qd7 17.axb5 axb5 18.Rxa8 Rxa8 19.Nc2 Rd8 20.Qe2 h6 21.Re1
Bc6 22.h3 Qd6 23.Qf1 Bc7 24.g3 Bb6 25.Qg2 b4 26.c4 Ne7 27.Bf4 Qd3 28.Bxc6 
Qxc2 29.Be4 Qxc4 30.Qf3 b3 31.Rc1 Qb4 32.Rc3 Bd4 33.Rxb3 Qe1+ 34.Kg2 Bxf2 
35.Qd3 Qg1+ 36.Kf3 Rxd3+ 0-1

[Event "23rd EUR-ch"]
[Site "Vrnjacka Banja SRB"]
[Date "2023.03.04"]
[Round "2.38"]
[White "Erdogmus, Yagiz Kaan"]
[Black "Yuffa, Daniil"]
[Result "1/2-1/2"]
[WhiteElo "2445"]
[BlackElo "2605"]
[EventDate "2023.03.03"]
[PlyCount "67"]

1.e4 c6 2.Nf3 d5 3.exd5 cxd5 4.Ne5 a6 5.d4 Nc6 6.c4 Nxe5 7.dxe5 e6 8.cxd5 
exd5 9.Bd3 Bc5 10.O-O Ne7 11.Nc3 Be6 12.Bg5 Qd7 13.Kh1 Ng6 14.f4 h6 15.f5 
hxg5 16.fxe6 Qxe6 17.Bxg6 fxg6 18.Qxd5 Qxd5 19.Nxd5 O-O-O 20.Rad1 Rhe8 21.
Rfe1 Re6 22.g3 b5 23.Kg2 Kb7 24.Re2 Bd6 25.Nc3 Bc7 26.Rxd8 Bxd8 27.Ne4 Kc6
28.Nf2 Ba5 29.Kf3 Kd5 30.Nd3 Kd4 31.Nc1 Kd5 32.Nd3 Kd4 33.Nc1 Kd5 34.Nb3 
1/2-1/2

[Event "23rd EUR-ch"]
[Site "Vrnjacka Banja SRB"]
[Date "2023.03.04"]
[Round "2.39"]
[White "Can, Emre"]
[Black "Akbas, Umut Ata"]
[Result "1-0"]
[WhiteElo "2600"]
[BlackElo "2419"]
[EventDate "2023.03.03"]
[PlyCount "119"]

1.Nf3 d5 2.c4 dxc4 3.Na3 c5 4.Nxc4 g6 5.g3 Bg7 6.Bg2 Nf6 7.O-O O-O 8.d3 
Nd5 9.Ne3 Nc7 10.Nd2 Qd7 11.Rb1 Nc6 12.a3 b6 13.b4 cxb4 14.axb4 Bb7 15.Qa4
Rfd8 16.b5 Na5 17.Qb4 Bxg2 18.Kxg2 Rac8 19.Nf3 Ne6 20.Bb2 Bxb2 21.Rxb2 Nd4
22.Nxd4 Qxd4 23.Qa3 h5 24.h4 Rc5 25.Rfb1 Rdc8 26.Rb4 Qd7 27.Qa1 Qb7+ 28.f3
Rc3 29.Qa2 e6 30.Re4 Qb8 31.g4 Qd6 32.Rg1 Kh7 33.gxh5 gxh5 34.Kf2 Rc1 35.
Rg2 Rg8 36.Qb2 Rxg2+ 37.Nxg2 Qc5+ 38.d4 Qc3 39.Qxc3 Rxc3 40.Re5 Nb3 41.
Rxh5+ Kg7 42.Rg5+ Kh6 43.d5 f6 44.Rg8 exd5 45.Ne3 Kh7 46.Ra8 Rc5 47.Nf5 
Rxb5 48.Rxa7+ Kg6 49.Ne7+ Kh5 50.Kg3 Nc1 51.Ra8 Kh6 52.e3 d4 53.e4 d3 54.
Nf5+ Kh7 55.Ra7+ Kh8 56.Rd7 Rb2 57.h5 d2 58.h6 Ne2+ 59.Kg4 Nc3 60.Nh4 1-0

[Event "23rd EUR-ch"]
[Site "Vrnjacka Banja SRB"]
[Date "2023.03.04"]
[Round "2.40"]
[White "Stalmach, Richard"]
[Black "Mastrovasilis, Dimitrios"]
[Result "0-1"]
[WhiteElo "2436"]
[BlackElo "2599"]
[EventDate "2023.03.03"]
[PlyCount "112"]

1.d4 d5 2.c4 c6 3.Nc3 Nf6 4.Nf3 a6 5.e3 b5 6.b3 Bf5 7.Be2 e6 8.O-O Nbd7 9.
Bb2 h6 10.Bd3 Bxd3 11.Qxd3 Be7 12.a4 bxc4 13.bxc4 O-O 14.Ba3 Bxa3 15.Rxa3 
Qa5 16.Rb1 Rfb8 17.c5 Rxb1+ 18.Qxb1 Rb8 19.Rb3 Rxb3 20.Qxb3 Ne4 21.Na2 Nd2
22.Qb4 Nxf3+ 23.gxf3 Qc7 24.f4 g5 25.fxg5 hxg5 26.Qb1 Kg7 27.Nc3 Qa5 28.
Qb2 Nf8 29.Kf1 Ng6 30.Ke2 g4 31.f4 Qd8 32.Kd3 Qf6 33.Ne2 Qf5+ 34.Kc3 Qe4 
35.Qd2 Qf3 36.Kb4 Qf2 37.Ka5 Qxh2 38.Qe1 Qh8 39.Qb1 Ne7 40.Qb7 Nf5 41.Qxc6
Qh2 42.Qxa6 Nxe3 43.Qd3 Nc4+ 44.Ka6 Qh8 45.Ka7 Qd8 46.Qb3 Qa5+ 47.Kb8 Qd8+
48.Ka7 Qa5+ 49.Kb8 Qd2 50.c6 Na5 51.Qb5 Nxc6+ 52.Qxc6 Qxe2 53.a5 g3 54.Qc3
Qg4 55.Qe3 g2 56.Qe5+ Kh7 0-1

[Event "23rd EUR-ch"]
[Site "Vrnjacka Banja SRB"]
[Date "2023.03.04"]
[Round "2.41"]
[White "Iskandarov, Misratdin"]
[Black "Kochavi, Ori"]
[Result "1/2-1/2"]
[WhiteElo "2598"]
[BlackElo "2417"]
[EventDate "2023.03.03"]
[PlyCount "82"]

1.e4 c6 2.Nf3 d5 3.e5 Bg4 4.Be2 e6 5.O-O c5 6.c4 dxc4 7.Na3 Ne7 8.Nxc4 
Nec6 9.b3 Be7 10.Bb2 O-O 11.a3 Nd7 12.d4 Nb6 13.Nxb6 Qxb6 14.dxc5 Bxc5 15.
b4 Bxf3 16.Bxf3 Bd4 17.Bxd4 Nxd4 18.Bxb7 Rad8 19.Be4 g6 20.Qe1 Nb3 21.Rd1 
Qb5 22.Qc3 Qe2 23.Bf3 Qa2 24.b5 Nd2 25.Ra1 Nxf3+ 26.Qxf3 Qb2 27.a4 Qxe5 
28.Qb7 Qd4 29.g3 Rb8 30.Qf3 Rfd8 31.Rfd1 Qb4 32.Rxd8+ Rxd8 33.Rd1 Rxd1+ 
34.Qxd1 h5 35.Kg2 Qe4+ 36.Qf3 Qd4 37.a5 e5 38.Qb7 e4 39.b6 axb6 40.a6 Qd3 
41.a7 Qf3+ 1/2-1/2

[Event "23rd EUR-ch"]
[Site "Vrnjacka Banja SRB"]
[Date "2023.03.04"]
[Round "2.42"]
[White "Fromm, Marius"]
[Black "Pechac, Jergus"]
[Result "1/2-1/2"]
[WhiteElo "2428"]
[BlackElo "2598"]
[EventDate "2023.03.03"]
[PlyCount "59"]

1.e4 e5 2.Nf3 Nc6 3.Bc4 Bc5 4.d3 d6 5.c3 Nf6 6.O-O O-O 7.h3 h6 8.Re1 a5 9.
Nbd2 Be6 10.Bb5 Qb8 11.Nf1 Qa7 12.Be3 Bxe3 13.Nxe3 Ne7 14.a4 Ng6 15.d4 
Nxe4 16.Bd3 Nf6 17.Bxg6 fxg6 18.dxe5 dxe5 19.Nxe5 g5 20.Nc2 Rad8 21.Nd4 c5
22.Ng6 Rfe8 23.Rxe6 Rxe6 24.Qb3 cxd4 25.Qxe6+ Kh7 26.Ne5 dxc3 27.Qf5+ Kg8 
28.Qe6+ Kh7 29.Qf5+ Kg8 30.Qe6+ 1/2-1/2

[Event "23rd EUR-ch"]
[Site "Vrnjacka Banja SRB"]
[Date "2023.03.04"]
[Round "2.43"]
[White "Hovhannisian, Robert"]
[Black "Tekeev, Zaur"]
[Result "1/2-1/2"]
[WhiteElo "2597"]
[BlackElo "2415"]
[EventDate "2023.03.03"]
[PlyCount "145"]

1.e4 c5 2.Nf3 Nc6 3.c3 Nf6 4.e5 Nd5 5.Bc4 Nb6 6.Bb3 d5 7.exd6 c4 8.Bc2 
Qxd6 9.O-O g6 10.b3 Bg7 11.Na3 Be6 12.Re1 O-O 13.bxc4 Bxc4 14.Nxc4 Nxc4 
15.Qe2 Nb6 16.Rb1 Qc7 17.h4 Rad8 18.h5 Nd5 19.g3 e5 20.hxg6 hxg6 21.Qe4 
Nf6 22.Qh4 Rfe8 23.d3 Nd4 24.cxd4 Qxc2 25.Bg5 e4 26.Ne5 Re6 27.dxe4 Qxa2 
28.Rxb7 Rf8 29.Bh6 Qa6 30.Reb1 Rb6 31.R7xb6 axb6 32.Nc6 Re8 33.Ne5 Qe2 34.
Bxg7 Kxg7 35.Rxb6 Qe1+ 36.Kg2 Nxe4 37.Qf4 Re7 38.Ng4 Qd2 39.Qxd2 Nxd2 40.
Ne3 Ra7 41.d5 Ra3 42.Rb4 Rd3 43.g4 Kf6 44.Rb6+ Kg5 45.Rb7 Kf6 46.g5+ Kg7 
47.Re7 Kf8 48.Re5 Rd4 49.f3 Nc4 50.Nxc4 Rxc4 51.Kf2 Rd4 52.Ke3 Rd1 53.f4 
Kg7 54.Ke4 Kf8 55.f5 gxf5+ 56.Rxf5 Ke7 57.Rf4 Rd2 58.Ke5 Re2+ 59.Kf5 Rd2 
60.Ke5 Re2+ 61.Kd4 Rc2 62.Ke3 Rg2 63.Rf5 Rg4 64.Kf3 Rd4 65.Kg3 Ke8 66.Kf2 
Ke7 67.Kf3 Ke8 68.Ke3 Rg4 69.d6 Kd7 70.Kf3 Rg1 71.Rd5 f6 72.Ke4 Rg4+ 73.
Ke3 1/2-1/2

[Event "23rd EUR-ch"]
[Site "Vrnjacka Banja SRB"]
[Date "2023.03.04"]
[Round "2.44"]
[White "Sanal, Vahap"]
[Black "Baenziger, Fabian"]
[Result "1-0"]
[WhiteElo "2590"]
[BlackElo "2413"]
[EventDate "2023.03.03"]
[PlyCount "55"]

1.e4 e5 2.Nf3 Nc6 3.Bc4 Nf6 4.d3 Bc5 5.O-O d6 6.c3 a5 7.Bb3 h6 8.Re1 O-O 
9.h3 Be6 10.Ba4 Ba7 11.d4 exd4 12.cxd4 d5 13.e5 Ne4 14.Nc3 Ne7 15.Bc2 Nxc3
16.bxc3 Bf5 17.Rb1 Qd7 18.Ba3 c5 19.Bxf5 Nxf5 20.dxc5 Rfc8 21.Nd4 Ne7 22.
e6 fxe6 23.Qg4 Nc6 24.Rxe6 Nd8 25.Rd6 Qxg4 26.hxg4 Bb8 27.Rxd5 Ra6 28.Nf5 
1-0

[Event "23rd EUR-ch"]
[Site "Vrnjacka Banja SRB"]
[Date "2023.03.04"]
[Round "2.45"]
[White "Baum, Jonasz"]
[Black "Asadli, Vugar"]
[Result "0-1"]
[WhiteElo "2426"]
[BlackElo "2586"]
[EventDate "2023.03.03"]
[PlyCount "148"]

1.e4 c5 2.Nf3 Nc6 3.Bb5 e5 4.O-O Bd6 5.d4 Nxd4 6.Nxd4 cxd4 7.c3 a6 8.Bc4 
Bc5 9.b4 Ba7 10.Qb3 Qf6 11.f4 g5 12.Kh1 gxf4 13.cxd4 Bxd4 14.Nc3 Ne7 15.
Bb2 d6 16.Rad1 Bxc3 17.Qxc3 Bg4 18.Rd2 Rc8 19.Qd3 O-O 20.Bb3 Ng6 21.g3 f3 
22.Qxd6 Qg5 23.Rdf2 Rfd8 24.Qb6 Rc6 25.Qxb7 Rf6 26.Qc7 Rc8 27.Qa7 Bh3 28.
Rd1 Qg4 29.Qb7 Rf8 30.Qd5 Bg2+ 31.Kg1 Nf4 32.gxf4 Rg6 33.Qd7 Qxd7 34.Rxd7 
Bh3+ 35.Kh1 Bxd7 36.f5 Rg4 37.Bd5 Rc8 38.Rxf3 Rc2 39.h3 Rf4 40.Rg3+ Kf8 
41.Bxe5 Rf1+ 42.Rg1 Rxg1+ 43.Kxg1 Bc6 44.Bd6+ Ke8 45.Bxc6+ Rxc6 46.Bc5 Rh6
47.Kg2 Rh4 48.e5 Rf4 49.e6 f6 50.a4 Rxf5 51.a5 Re5 52.e7 Re4 53.Kf3 f5 54.
Kg3 h5 55.Kf3 Kd7 56.Kg3 Rc4 57.Kf3 h4 58.Kg2 Rc2+ 59.Kg1 Rc3 60.Kg2 Rg3+ 
61.Kh2 Rg8 62.Kh1 f4 63.Kh2 f3 64.Kh1 Rg2 65.Bd6 Re2 66.Bc5 Re1+ 67.Kh2 
Kc6 68.Bf2 Rxe7 69.Bxh4 Rg7 70.Bg3 Kb5 71.h4 Kxb4 72.Be1+ Kc4 73.h5 Rg2+ 
74.Kh3 f2 0-1

[Event "23rd EUR-ch"]
[Site "Vrnjacka Banja SRB"]
[Date "2023.03.04"]
[Round "2.46"]
[White "Paravyan, David"]
[Black "Iliaguev, Nisim"]
[Result "1-0"]
[WhiteElo "2584"]
[BlackElo "2412"]
[EventDate "2023.03.03"]
[PlyCount "75"]

1.e4 e6 2.d4 d5 3.Nd2 Nf6 4.e5 Nfd7 5.Ngf3 c5 6.c3 Nc6 7.Bd3 Rb8 8.O-O b5 
9.Qe2 Qb6 10.Re1 Be7 11.a3 g5 12.dxc5 Nxc5 13.b4 Na4 14.Nb3 h6 15.Be3 Qb7 
16.Nfd4 a6 17.Nxc6 Qxc6 18.Ba7 Ra8 19.Bd4 h5 20.Rf1 Bd7 21.Rac1 Nb6 22.Bc5
Nc4 23.Bxc4 dxc4 24.Na5 Qc8 25.Bxe7 Kxe7 26.Qe3 Rg8 27.Rcd1 Rg6 28.Rd6 Be8
29.Qf3 h4 30.Rfd1 g4 31.Qe4 h3 32.Nb7 Ra7 33.Rb6 Qc7 34.Nd6 Kf8 35.Qd4 Ra8
36.Qc5 Qe7 37.Rb7 Bd7 38.Rxd7 1-0

[Event "23rd EUR-ch"]
[Site "Vrnjacka Banja SRB"]
[Date "2023.03.04"]
[Round "2.47"]
[White "Milikow, Yoav"]
[Black "Kadric, Denis"]
[Result "0-1"]
[WhiteElo "2416"]
[BlackElo "2583"]
[EventDate "2023.03.03"]
[PlyCount "98"]

1.d4 Nf6 2.c4 d6 3.Nc3 g6 4.e4 Bg7 5.Bg5 h6 6.Be3 Ng4 7.Bc1 e5 8.d5 a5 9.
Be2 Nf6 10.g4 Na6 11.h4 Nc5 12.f3 h5 13.g5 Nh7 14.Be3 f6 15.gxf6 Bxf6 16.
Bf2 Bd7 17.Qd2 O-O 18.O-O-O Kh8 19.Kb1 b6 20.b3 Qe7 21.Rf1 Rf7 22.Bd1 Raf8
23.Kc2 Qd8 24.Bg3 Be7 25.Qg2 c6 26.Be2 cxd5 27.cxd5 Qc7 28.Kb2 a4 29.Rc1 
b5 30.b4 a3+ 31.Kb1 Na6 32.Nd1 Qb7 33.Be1 g5 34.hxg5 Bxg5 35.Rc2 Rg7 36.
Qf2 Bf4 37.Bf1 Bg3 38.Qd2 Bxe1 39.Qxe1 Qb6 40.Qe3 Qxe3 41.Nxe3 Nxb4 42.Rc3
Rg3 43.Bg2 Rc8 44.Rb3 Nc2 45.Bh3 Bxh3 46.Nxc2 Bf1 47.Re3 Rg2 48.Nxa3 b4 
49.Nh3 Ba6 0-1

[Event "23rd EUR-ch"]
[Site "Vrnjacka Banja SRB"]
[Date "2023.03.04"]
[Round "2.48"]
[White "Kilic, Eray"]
[Black "Lupulescu, Constantin"]
[Result "1/2-1/2"]
[WhiteElo "2415"]
[BlackElo "2580"]
[EventDate "2023.03.03"]
[PlyCount "50"]

1.e4 c5 2.Nf3 d6 3.Bb5+ Bd7 4.c4 e5 5.Bxd7+ Qxd7 6.Nc3 Nc6 7.d3 Be7 8.O-O 
Bd8 9.a3 Nge7 10.Rb1 O-O 11.b4 f5 12.bxc5 dxc5 13.exf5 Rxf5 14.Ne4 b6 15.
Ng3 Rf8 16.Qe2 Ng6 17.Qe4 Bf6 18.Be3 Rae8 19.Rfe1 Bd8 20.Qd5+ Qxd5 21.cxd5
Nce7 22.d6 Nc6 23.Ne4 Nf4 24.Bxf4 exf4 25.d4 Nxd4 1/2-1/2

[Event "23rd EUR-ch"]
[Site "Vrnjacka Banja SRB"]
[Date "2023.03.04"]
[Round "2.49"]
[White "Moroni, Luca jr"]
[Black "Tutisani, Noe"]
[Result "1/2-1/2"]
[WhiteElo "2578"]
[BlackElo "2411"]
[EventDate "2023.03.03"]
[PlyCount "114"]

1.c4 Nf6 2.g3 g6 3.Bg2 Bg7 4.Nc3 O-O 5.d4 d6 6.Nf3 Nc6 7.O-O e5 8.dxe5 
dxe5 9.Bg5 h6 10.Qxd8 Rxd8 11.Bxf6 Bxf6 12.Nd5 Kg7 13.Nxc7 Rb8 14.e4 Be7 
15.Nd5 Bc5 16.Rfd1 a5 17.Rd2 Be6 18.Bf1 Rd7 19.Kg2 Rbd8 20.Rc1 f5 21.Bd3 
Rf8 22.a3 Rdf7 23.Rf1 g5 24.exf5 Bxf5 25.Bxf5 Rxf5 26.Ne1 e4 27.Nc2 Ne5 
28.Nce3 Rf3 29.b4 axb4 30.axb4 Bxe3 31.Nxe3 Nd3 32.b5 h5 33.Re2 Rc8 34.Rd1
h4 35.Ng4 h3+ 36.Kg1 Rxc4 37.Rb1 Kg6 38.Ne3 Rc5 39.Nd1 Kf5 40.b6 Ke5 41.
Kf1 Rf6 42.Ra2 Kd4 43.Ra4+ Rc4 44.Rxc4+ Kxc4 45.Ke2 Kd4 46.Rb5 g4 47.Rb1 
Kc5 48.Ke3 Rf3+ 49.Ke2 Kc6 50.Kd2 Nxf2 51.Ne3 Rxg3 52.hxg3 h2 53.Ke2 h1=Q 
54.Rxh1 Nxh1 55.Nxg4 Nxg3+ 56.Ke3 Kxb6 57.Kf4 e3 1/2-1/2

[Event "23rd EUR-ch"]
[Site "Vrnjacka Banja SRB"]
[Date "2023.03.04"]
[Round "2.50"]
[White "Gaehwiler, Gabriel"]
[Black "Kobalia, Mikhail"]
[Result "0-1"]
[WhiteElo "2413"]
[BlackElo "2577"]
[EventDate "2023.03.03"]
[PlyCount "78"]

1.d4 d5 2.c4 c6 3.Nf3 Nf6 4.Nc3 e6 5.Bg5 h6 6.Bxf6 Qxf6 7.Qd3 Nd7 8.cxd5 
exd5 9.e4 dxe4 10.Qxe4+ Qe7 11.Bc4 Qxe4+ 12.Nxe4 Bb4+ 13.Nc3 O-O 14.O-O 
Nb6 15.Bb3 Re8 16.Rfe1 Bg4 17.Ne5 Be6 18.Bxe6 Rxe6 19.Nd3 Rxe1+ 20.Rxe1 a5
21.Rc1 Re8 22.g3 Rd8 23.Ne2 Nd5 24.Nc5 Bxc5 25.Rxc5 Ra8 26.a3 Kf8 27.Nc3 
Nxc3 28.Rxc3 Ke7 29.d5 cxd5 30.Rc7+ Kd6 31.Rxb7 d4 32.Kf1 Re8 33.Rxf7 g5 
34.g4 a4 35.Rf5 Kc6 36.Kg2 d3 37.Rf3 Rd8 38.Rf6+ Kc5 39.Rf5+ Kc4 0-1

[Event "23rd EUR-ch"]
[Site "Vrnjacka Banja SRB"]
[Date "2023.03.04"]
[Round "2.51"]
[White "Svane, Frederik"]
[Black "David, Alexandru-Vasile"]
[Result "1/2-1/2"]
[WhiteElo "2577"]
[BlackElo "2410"]
[EventDate "2023.03.03"]
[PlyCount "101"]

1.c4 e6 2.g3 d5 3.Bg2 Nf6 4.Nf3 Bd6 5.d4 h6 6.O-O O-O 7.Nc3 Nc6 8.b3 Re8 
9.Bb2 dxc4 10.bxc4 e5 11.dxe5 Nxe5 12.Qb3 c6 13.Rad1 Nxf3+ 14.exf3 Qc7 15.
Ne4 Nxe4 16.fxe4 Be5 17.Rfe1 Bg4 18.Rb1 Re7 19.Qe3 Be6 20.Rec1 Bxb2 21.
Rxb2 Rd7 22.h3 Qa5 23.Kh2 Rad8 24.Rc3 Qh5 25.Qxa7 Rd1 26.h4 Re1 27.Rxb7 
Rdd1 28.Qb8+ Kh7 29.Qf4 Ra1 30.e5 Qxe5 31.Qxe5 Rxe5 32.Rc2 c5 33.Rc7 g5 
34.f4 gxf4 35.gxf4 Rh5 36.Kg3 Kg7 37.Bf3 Rf5 38.Be4 Rh5 39.Bf3 Rf5 40.Be4 
Rh5 41.Ra7 Rg1+ 42.Bg2 Rf5 43.a4 Rf6 44.h5 Bf5 45.Rd2 Rc1 46.Bd5 Be6 47.
Bxe6 Rc3+ 48.Kg4 Rxe6 49.Rd5 Rxc4 50.Rf5 Rf6 51.Rc7 1/2-1/2